[Event "Titled Tuesday intern op 12th Jul Early"]
[Site "Chess.com INT"]
[Date "2022.07.12"]
[Round "6"]
[White "Kovalev, Vladislav"]
[Black "Dounis, Alexandros"]
[Result "1/2-1/2"]
[WhiteElo "2623"]
[BlackElo "2250"]
[PlyCount "168"]
[EventDate "2022.07.12"]
[EventType "swiss (blitz)"]
[EventRounds "11"]
[EventCountry "USA"]
[SourceTitle "EXT 2023"]
[Source "ChessBase"]
[SourceDate "2022.10.05"]
[SourceVersion "1"]
[SourceVersionDate "2022.10.05"]
[SourceQuality "1"]

1. e4 e5 2. Nf3 Nc6 3. Bb5 a6 4. Ba4 Nf6 5. 0-0 Be7 6. d3 b5 7. Bb3 0-0 8. Nc3 d6 9. a3 Na5 10. Ba2 c5 11. Bg5 Be6 12. Bxf6 Bxf6 13. Nd5 g6 14. c3 Bg7 15. Qd2 Nc6 16. Ng5 h6 17. Nxe6 fxe6 18. Ne3 Qe7 19. a4 Kh7 20. g3 Rab8 21. Qc2 h5 22. Ng2 b4 23. Bc4 a5 24. Bb5 Na7 25. Bc4 Nc6 26. f4 exf4 27. gxf4 bxc3 28. bxc3 Rb7 29. Rab1 Rxb1 30. Rxb1 Qf6 31. Rb6 Ne5 32. Rxd6 Nxc4 33. dxc4 Qxc3 34. Qxc3 Bxc3 35. Rxe6 Bd4+ 36. Kf1 Rb8 37. Nh4 Rb1+ 38. Ke2 Rb2+ 39. Kd3 Rb3+ 40. Kc2 Rb2+ 41. Kd1 Rb1+ 42. Kc2 Rb2+ 43. Kc1 Rxh2 44. Nxg6 h4 45. Nxh4 Rxh4 46. f5 Rh2 47. f6 Rf2 48. e5 Rf5 49. Re7+ Kg6 50. Rg7+ Kh6 51. Ra7 Bxe5 52. Rxa5 Bxf6 53. Rb5 Bc3 54. a5 Bb4 55. a6 Rf8 56. a7 Ra8 57. Rb7 Kg5 58. Kc2 Kf5 59. Kb3 Ke4 60. Ka4 Kd3 61. Kb5 Kc3 62. Rf7 Kd4 63. Rh7 Kd3 64. Rh3+ Kd4 65. Rh4+ Kd3 66. Kb6 Rg8 67. Rg4 Re8 68. Kb7 Re7+ 69. Ka6 Re6+ 70. Kb5 Re8 71. Rg3+ Kd4 72. Rg7 Ra8 73. Rd7+ Kc3 74. Rb7 Kb3 75. Rf7 Kc3 76. Rf3+ Kd4 77. Rf7 Kc3 78. Rg7 Kd4 79. Rg4+ Kd3 80. Rg3+ Kd4 81. Rg7 Kd3 82. Rd7+ Kc3 83. Rc7 Kd3 84. Rg7 Kd4 1/2-1/2

[Event "Titled Tuesday intern op 07th Jun Late"]
[Site "Chess.com INT"]
[Date "2022.06.07"]
[Round "8"]
[White "Barp, Alberto"]
[Black "Dounis, Alexandros"]
[Result "0-1"]
[WhiteElo "2396"]
[BlackElo "2257"]
[PlyCount "72"]
[EventDate "2022.06.07"]
[EventType "swiss (blitz)"]
[EventRounds "11"]
[EventCountry "USA"]
[SourceTitle "CBM 208 Extra"]
[Source "ChessBase"]
[SourceDate "2022.07.31"]
[SourceVersion "1"]
[SourceVersionDate "2022.07.31"]
[SourceQuality "1"]

1. d4 Nf6 2. c4 g6 3. g3 c6 4. Bg2 d5 5. Nf3 Bg7 6. 0-0 0-0 7. Nc3 dxc4 8. e4 b5 9. Qe2 Bg4 10. h3 Bxf3 11. Bxf3 Qxd4 12. Rd1 Qb6 13. e5 Nfd7 14. e6 fxe6 15. Qxe6+ Kh8 16. Be3 Qb7 17. Bg2 Ne5 18. Bd4 Nbd7 19. f4 Rf6 20. Qxe7 Bf8 21. Qxf6+ Nxf6 22. Bxe5 Bg7 23. Rd6 Rf8 24. Rad1 b4 25. Ne2 Qb6+ 26. Kh2 Qf2 27. R1d2 Qe1 28. Rd8 Rxd8 29. Rxd8+ Ng8 30. Bxg7+ Kxg7 31. Nd4 Nf6 32. Rd6 Nh5 33. Ne6+ Kh6 34. g4 Qg3+ 35. Kh1 Nxf4 36. g5+ Kh5 0-1

[Event "Titled Tuesday intern op 07th Jun Late"]
[Site "Chess.com INT"]
[Date "2022.06.07"]
[Round "7"]
[White "Dounis, Alexandros"]
[Black "Livaic, Leon"]
[Result "0-1"]
[WhiteElo "2257"]
[BlackElo "2569"]
[PlyCount "106"]
[EventDate "2022.06.07"]
[EventType "swiss (blitz)"]
[EventRounds "11"]
[EventCountry "USA"]
[SourceTitle "CBM 208 Extra"]
[Source "ChessBase"]
[SourceDate "2022.07.31"]
[SourceVersion "1"]
[SourceVersionDate "2022.07.31"]
[SourceQuality "1"]

1. Nf3 Nf6 2. g3 b6 3. Bg2 Bb7 4. 0-0 g6 5. d4 Bg7 6. c4 e6 7. Nc3 Ne4 8. Qc2 Nxc3 9. Qxc3 d6 10. b3 0-0 11. Bb2 Nd7 12. Ne1 Bxg2 13. Kxg2 Qe7 14. Qd2 e5 15. e3 a5 16. a3 e4 17. f3 exf3+ 18. Nxf3 Rae8 19. Rae1 Nf6 20. Qc2 Qe4 21. Qxe4 Nxe4 22. Bc1 c6 23. Nd2 f5 24. Nxe4 Rxe4 25. Rf4 Rfe8 26. Rxe4 Rxe4 27. Bd2 Kf7 28. Kf3 Ke6 29. Rc1 Bf8 30. b4 a4 31. h3 h5 32. Rg1 b5 33. cxb5 cxb5 34. Rc1 Kd7 35. Ke2 d5 36. Kd3 Bd6 37. Rg1 Re8 38. g4 fxg4 39. hxg4 h4 40. g5 h3 41. Rh1 h2 42. Be1 Re4 43. Ke2 Rg4 44. Bf2 Rxg5 45. Kf3 Ke6 46. e4 dxe4+ 47. Kxe4 Rf5 48. Be3 g5 49. Re1 g4 50. d5+ Rxd5 51. Bd4 g3 52. Kf3+ Kf5 53. Re4 h1Q+ 0-1